| 000 | 00480nam a2200181Ia 4500 | ||
|---|---|---|---|
| 001 | 13289 | ||
| 005 | 20260306164750.0 | ||
| 008 | 260306t2009||||xx |||||||||||||| ||spa|| | ||
| 041 | _aESP | ||
| 082 |
_a001.42 _bL49 |
||
| 100 |
_aLerma González, Héctor Daniel _eAUT |
||
| 245 | 0 |
_aMetodología de la investigación: _bpropuesta, anteproyecto y proyecto |
|
| 260 | _c2009 | ||
| 300 |
_a193 páginas : _c24 cm. |
||
| 650 | _aGEN | ||
| 654 | _aCHU | ||
| 942 |
_cLIB _dJUS _fJUS _2ddc _n |
||
| 999 |
_c13289 _d13289 |
||